000 00728nam a22001937a 4500
999 _c57116
_d57116
003 Ge_BSU
005 20191120150309.0
008 191120s2018 ||||| |||| 00| 0 geo d
020 _a9789941802508
041 _ageo
080 _a069(479.22) ა-96
100 _aახალკაცი, ნოდარ.
_95480
245 _aპარადიგმის ცვლა საქართველოს ეროვნულ მუზეუმში /
_cნოდარ ახალკაცი.
264 _aთბილისი :
_bბერიკა,
_c2018.
300 _a124 გვ.:
_c19 სმ.
653 _aმუზეუმი
653 _aსამუზეუმო საქმე
942 _2udc
_cBK